000 00800pam a2200241 a 4500
001 4487980
005 20180109033349.0
008 970227s1997 ne ab b 000 0 eng
010 _a 97007523
020 _a0792344839 (acidfree paper)
040 _aDLC
_cDLC
_dDLC
041 _aeng
043 _ae------
080 _a551.694 SCHO
082 0 0 _a551.694 SCHO
_221
100 1 _a42
101 _aGJEO
245 1 0 _aClimate trend atlas of Europe based on observations, 1891-1990 /
_cby Christian-D Schönwiese and Jörg Rapp.
504 _aIncludes bibliographical references (p. [46]-48).
906 _a7
_bcbc
_corignew
_d1
_eocip
_f19
_gy-gencatlg
942 _2ddc
_cBK
999 _c39821
_d39821